| 000 | 00460nam a22001697a 4500 | ||
|---|---|---|---|
| 005 | 20251108174552.0 | ||
| 008 | 250721s2007 xx 000 0 ara d | ||
| 082 | 1 | 4 | _a811.9565/محا |
| 100 | 1 |
_aمحادين، خالد _eمؤلف |
|
| 245 | 1 | 0 | _aوطن واحد و نساء كثيرات -شعر / |
| 264 | _c2007. | ||
| 300 | _a432ص | ||
| 650 | 1 | 7 | _aالشعر العربي |
| 650 | 1 | 7 | _aالادب العربي |
| 942 |
_2ddc _cBK |
||
| 999 |
_c112497 _d112497 |
||